000 00293nam a2200121Ia 4500
008 240731s9999 xx 000 0 und d
022 _a1521-0464
245 0 _aDrug Delivery
260 _bTaylor & Francis
856 _uhttps://www.tandfonline.com/loi/idrd20
942 _2ddc
942 _cTFEJ
999 _c76272
_d76272
945 _a1
_bMadushi Gamage
_c1
_dMadushi Gamage